Hip-Hop Artists by Album - Statistics

General Stats
  • This quiz has been taken 179 times
  • The average score is 12 of 19
Answer Stats
Album Artist % Correct
All Eyez on Me 2Pac
93%
good kid, m.A.A.D city Kendrick Lamar
93%
Doggystyle Snoop Doggy Dogg
93%
Illmatic Nas
89%
The Chronic Dr. Dre
88%
Tha Carter III Lil Wayne
87%
Ready to Die The Notorious B.I.G.
83%
Late Registration Kanye West
82%
Reasonable Doubt Jay-Z
80%
Take Care Drake
71%
Madvillainy Madvillain
56%
Southernplayalisticadillacmuzik Outkast
56%
The Low End Theory A Tribe Called Quest
52%
Paid in Full Eric B and Rakim
49%
Death Certificate Ice Cube
46%
Black on Both Sides Mos Def
41%
The Message Grandmaster Flash and the Furious Five
30%
The W Wu-Tang Clan
30%
3 Feet High and Rising De La Soul
20%
No matching quizzes found
Score Distribution
Percent of People with Each Score
Percentile by Number Answered
Your Score History
You have not taken this quiz